000
00221 a2200097 4500
001
17952
100
_a
Streitwolf, H W
245
_a
Group theory in solid state physics
260
_a
_b
Macdonald
_c
090
_c
13258
_d
13258
942
_a
NUST-CAE
_c
M
_c
3623
999
_c
253025
_d
253025